Normal view
MARC view
Entry Personal Name
001 - CONTROL NUMBER
- control field: 5829
003 - CONTROL NUMBER IDENTIFIER
- control field: ARRUPE
005 - DATE AND TIME OF LATEST TRANSACTION
- control field: 20131217135918.0
008 - FIXED-LENGTH DATA ELEMENTS
- fixed length control field: 131217|| aca||aabn | a|a d
040 ## - CATALOGING SOURCE
- Original cataloging agency: ARRUPE
- Transcribing agency: ARRUPE
100 ## - HEADING--PERSONAL NAME
- Personal name: Narbeth, W. A. (illustr)
670 ## - SOURCE DATA FOUND
- Source citation: Work cat.: (ARRUPE): Black, A. W. 5828, History through verse, 1937